| 000 | 00383nam a22001217a 4500 | ||
|---|---|---|---|
| 082 | _a220 PRO | ||
| 100 |
_aMAMOONA, SARMAD, SALMAN, TAHA _971563 |
||
| 245 | _aPR-SOF-1333-SYSTEM IDENTIFICATION AND CONTROL DESIGN & IMPLEMENTATION OF MAGLEV SYSTEM | ||
| 260 |
_aISLAMABAD _bNUST COLLEGE OF EME _c2014 |
||
| 650 |
_aDE-ELECT-32 _971564 |
||
| 700 |
_aDR FAHAD MUMTAZ _931529 |
||
| 942 | _cCR | ||
| 999 |
_c578014 _d578014 |
||